"Drugs, society & human behavior" (Record no. 25313)
[ view plain ]
| 000 -LEADER | |
|---|---|
| fixed length control field | 00286nam a2200109Ia 4500 |
| 008 - FIXED-LENGTH DATA ELEMENTS--GENERAL INFORMATION | |
| fixed length control field | 130524s9999 xx 000 0 und d |
| 100 ## - MAIN ENTRY--PERSONAL NAME | |
| Personal name | "Hart, Carl l." |
| 245 ## - TITLE STATEMENT | |
| Title | "Drugs, society & human behavior" |
| 245 ## - TITLE STATEMENT | |
| Statement of responsibility, etc. | "Ksir, Charles" |
| 260 ## - PUBLICATION, DISTRIBUTION, ETC. (IMPRINT) | |
| Name of publisher, distributor, etc. | McGraw Hill |
| Date of publication, distribution, etc. | c.2011 |
| Place of publication, distribution, etc. | U.S.A. |
| 300 ## - PHYSICAL DESCRIPTION | |
| Extent | 473 |
| Withdrawn status | Lost status | Source of classification or shelving scheme | Damaged status | Not for loan | Home library | Current library | Shelving location | Date acquired | Total Checkouts | Total Renewals | Full call number | Barcode | Date last seen | Date checked out | Price effective from | Koha item type |
|---|---|---|---|---|---|---|---|---|---|---|---|---|---|---|---|---|
| Library of Congress Classification | PAC UNIVERSITY | PAC UNIVERSITY | General Stacks | 13/03/2014 | 34 | 23 | RM316.R39 2008 | TXT5478 | 30/01/2026 | 14/01/2026 | 13/03/2014 | General books |